Visualizzazione normale
Vista MARC
di Personal Name
Records bibliografici associati: 1
001 - CONTROL NUMBER
- control field: 36358
003 - CONTROL NUMBER IDENTIFIER
- control field: IT-RoPau
005 - DATE AND TIME OF LATEST TRANSACTION
- control field: 20151025205821.0
008 - FIXED-LENGTH DATA ELEMENTS
- fixed length control field: 151025|| aca||aabn | a|a d
040 ## - CATALOGING SOURCE
- Original cataloging agency: IT-RoPau
- Transcribing agency: IT-RoPau
100 ## - HEADING--PERSONAL NAME
- Personal name:
- Miscellaneous information: Codice Aut. SPICS: 9977
670 ## - SOURCE DATA FOUND
- Source citation: Work cat.: (IT-RoPau)38210: Allorto Riccardo 36357, Strumenti musicali (Gli) R.A.